| 000 | 01529nam0a22003611 4500 | ||
|---|---|---|---|
| 001 | v19\rc\1536308 | ||
| 005 | 20260406101705.0 | ||
| 035 | _a(NLR Aleph) 004655130 | ||
| 090 |
_a3474930 _c3474930 |
||
| 100 | _a20060620e18881888|||y0rusy50 ca | ||
| 101 | 0 | _arus | |
| 102 | _aRU | ||
| 105 | _ay b ||||| | ||
| 200 | 1 |
_aКаталог преосвященных архиереев тверских _f[Соч.] Учителя Ивана Евдокимова _gПо поручению Твер. арх. комис. приготовил к изд. В.И. Колосов |
|
| 210 |
_aТверь _cТвер. учен. арх. комис. _d1888 |
||
| 215 |
_a34 с. _d24 |
||
| 311 | _aПерепеч. из № 7 и 9 "Твер. епарх. вед." 1888 г. | ||
| 488 | 0 |
_12001#$aТверские епархиальные ведомости$v1888, № 7, 9 _tТверские епархиальные ведомости |
|
| 700 | 1 |
_aЕвдокимов _bИ. _gИван |
|
| 702 | 1 |
_4570 _7ca _8rus _aКолосов _bВ. И. _cкраевед _f1854-1919 _gВладимир Иванович _964174 _3RU\NLR\AUTH\7781246 |
|
| 712 | 0 | 2 | _aТверская ученая архивная комиссия |
| 801 | 0 |
_aRU _bNLR _gpsbo |
|
| 801 | 0 |
_aRU _bRuMoRGB _2psbo |
|
| 801 | 1 |
_aRU _bProSoft-M _2rusmarc |
|
| 801 | 2 |
_aRU _bNLR _c20131003 _2rusmarc |
|
| 852 |
_aNLR _j18.316.2.258 |
||
| 899 |
_aRuMoRGB _jO 20/449 |
||
| 899 |
_aRuMoRGB _jO 22/341 |
||
| 899 | _aБАН | ||
| 899 | _aНБ СПбГУ | ||
| 899 | _aГПИБ | ||
| 942 | _cBOOK | ||
| 980 | _aNB | ||